000 00284nam a22001337a 4500
008 170419b xxu||||| |||| 00| 0 eng d
020 _a0443087245
041 _aeng
080 _a573
100 _a11
101 _aSHM
245 _aHUMAN EMBRYOLOGY
_cLARSEN, W.J
942 _2udc
_cBK
999 _c11269
_d11269